Normal view MARC view
  • Picaresque fiction

Entry Genre/Form Term

Number of records used in: 1

001 - CONTROL NUMBER

  • control field: 153746

003 - CONTROL NUMBER IDENTIFIER

  • control field: TR-AnTOB

005 - DATE AND TIME OF LATEST TRANSACTION

  • control field: 20260416163454.0

008 - FIXED-LENGTH DATA ELEMENTS

  • fixed length control field: 141201|| anznnbabn |a ana c

010 ## - LIBRARY OF CONGRESS CONTROL NUMBER

  • LC control number: gf2014026479

040 ## - CATALOGING SOURCE

  • Original cataloging agency: IlChALCS
  • Language of cataloging: eng
  • Transcribing agency: DLC
  • Subject heading/thesaurus conventions: lcgft
  • Modifying agency: DLC
  • Modifying agency: WaU

155 ## - HEADING--GENRE/FORM TERM

  • Genre/form term: Picaresque fiction

455 ## - SEE FROM TRACING--GENRE/FORM TERM

  • Genre/form term: Picaresques (Fiction)

555 ## - SEE ALSO FROM TRACING--GENRE/FORM TERM

  • Control subfield: g
  • Genre/form term: Fiction

555 ## - SEE ALSO FROM TRACING--GENRE/FORM TERM

  • Genre/form term: Maqāmāt

670 ## - SOURCE DATA FOUND

  • Source citation: Oxford dictionary of the Renaissance, via Oxford reference online, Nov. 3, 2012
  • Information found: (picaresque: A literary genre in sixteenth and seventeenth-century Spain; the picaresque novel was an episodic first-person narrative that related the adventures (often criminal or sexual) of a shrewd rogue (pícaro) of humble origin; in this respect it was an antidote to the romance of chivalry, which celebrated the high ideals of aristocratic heroes)

670 ## - SOURCE DATA FOUND

  • Source citation: Oxford companion to English literature, via Oxford reference online, Nov. 3, 2012
  • Information found: (picaresque: form of novel featuring roguish antiheroes or 'tricksters' that first appeared in 16th century Spain and flourished in 18th and 19th century English literature; nowadays the term is commonly, and loosely, applied to episodic novels ... that describe the adventures of a lively and resourceful hero on a journey)

670 ## - SOURCE DATA FOUND

  • Source citation: Kennedy, X.J. The Longman dictionary of literary terms, c2006
  • Information found: (Picaresque. A narrative, usually a novel told in the first-person voice, that presents the life and adventures of a likable rogue (picaro, in Spanish) who is at odds with respectable society. Loosely plotted, with adventures unfolding in discrete episodes, the picaresque is part adventure story, part satire, and part realism; the picaresque tends more toward light and low comedy than toward bitter satire)

670 ## - SOURCE DATA FOUND

  • Source citation: GSAFD, 2000
  • Information found: (Picaresque literature. Use for episodic accounts of the adventures of an engagingly roguish hero; the adventures are often used to satirize the society of the day)

680 ## - PUBLIC GENERAL NOTE

  • Explanatory text: Fiction that consists of episodic narratives that describe the adventures of a resourceful rogue.
Devinim Yazılım Eğitim Danışmanlık tarafından Koha'nın orjinal sürümü uyarlanarak geliştirilip kurulmuştur.